| 000 | 00554nam a2200205Ia 4500 | ||
|---|---|---|---|
| 999 |
_c45587 _d45587 |
||
| 001 | 12413 | ||
| 003 | GE_BSU | ||
| 005 | 20250331101953.0 | ||
| 008 | 181216s2009||||enk|||||||||||||| ||eng|| | ||
| 040 | _cGE_BSU | ||
| 041 | _aeng | ||
| 080 | _a821.111-312.4 B-35 | ||
| 100 |
_a Beckett, Simon _924717 |
||
| 245 |
_aWhispers of the dead / _cSimon Beckett. |
||
| 264 |
_aGREAT BRITAIN. _bBCA. _c2009 |
||
| 300 |
_a318 p.; _b21cm. |
||
| 653 | _aმხატვრული ლიტერატურა | ||
| 653 | _aრომანი | ||
| 942 |
_cBK _2udc |
||